| 000 | 00704nam a2200157 4500 | ||
|---|---|---|---|
| 999 |
_c16372 _d16372 |
||
| 008 | 220119b ||||| |||| 00| 0 eng d | ||
| 022 | _a0893-8989 | ||
| 082 | _aDPer 363.205 P75 Sept 2013-May 2016 v. 37 & 40, n. 9-11/1-5 | ||
| 100 |
_aHunt, Leigh. _943830 |
||
| 245 |
_aBeware the lone wolf: _bindividual activists alter the face of terrorism, requiring law enforcement to keep a constant eye out for the solo or small cell attack/ _cLeigh Hunt. |
||
| 260 |
_aCalifornia: _bBobit Business Media, _c©Sept 2013-May 2016. |
||
| 300 |
_av37 n10, pages 42-47; _billustrations; _c27 cm. |
||
| 500 | _aPolice: the law enforcement magazine. | ||
| 650 |
_aLaw enforcement _xTerrorism. _943831 |
||
| 942 |
_2ddc _cPER |
||